00698nam a2200193 i 450000100060000000300090000600500170001500700030003200800410003504000200007610000310009624501460012726000780027330000340035165000340038565000310041970000330045085200210048354192ES-MaACL20251113140547.0t|960716s1864 fr a |||| | fre d aCAM bspa cCAM1 aFiguier, Louis,d1819-189413aLa terre avant le déluge / cpar Louis Figuier; ouvrage contenant 25 vues idéales de paysages de l'ancient monde dessinées par Riou ... aParis : bLibrairie de L. Hachette et Cie., c1864 (fImp. de Ch. Lahure) aXX, 486 p. : bil. ; c24 cm.07aGeología histórica2embne aTierra (Planeta)-xOrigen.1 aRiou, Édouard, d1833-1900 aES-MaACLjF-8319